[Event "GER-chT U14"]
[Site "Willingen"]
[Date "2021.06.25"]
[Round "4.1"]
[White "Hoffmann, Alexander4444"]
[Black "Korek, Jakob Alexander"]
[Result "1-0"]
[WhiteElo "1554"]
[BlackElo "1663"]
[PlyCount "75"]
[EventDate "2021.06.23"]
[EventType "team-swiss"]
[EventRounds "7"]
[EventCountry "GER"]
[SourceTitle "EXT 2022"]
[Source "ChessBase"]
[SourceDate "2021.10.06"]
[SourceVersion "1"]
[SourceVersionDate "2021.10.06"]
[SourceQuality "1"]
[WhiteTeam "Karlsruhe SF"]
[BlackTeam "Koenigsjaeger Sued West"]
[WhiteTeamCountry "GER"]
[BlackTeamCountry "GER"]

1. e4 e5 2. Nf3 Nc6 3. Bb5 a6 4. Ba4 Nf6 5. 0-0 b5 6. Bb3 Bc5 7. c3 d6 8. d4 Bb6 9. h3 h6 10. Be3 0-0 11. Nbd2 Re8 12. Bc2 Bb7 13. Re1 Nb8 14. d5 Nbd7 15. c4 c5 16. Bd3 b4 17. Nh2 Nf8 18. f4 exf4 19. Bxf4 g5 20. Bg3 Ng6 21. Qf3 Kg7 22. Rf1 Bc8 23. e5 dxe5 24. Bxg6 fxg6 25. Rae1 e4 26. Nxe4 Bf5 27. Nxf6 Qxf6 28. d6 Qd4+ 29. Kh1 Re4 30. Rxe4 Qxe4 31. Qxe4 Bxe4 32. Re1 Re8 33. Ng4 h5 34. Be5+ Kf8 35. d7 Re6 36. Rxe4 hxg4 37. Bc7 Bxc7 38. Rxe6 1-0

[Event "GER-ch U12"]
[Site "Willingen"]
[Date "2020.10.30"]
[Round "5"]
[White "Korek, Jakob Alexander"]
[Black "Haubold, Sebastian Marcel"]
[Result "1/2-1/2"]
[WhiteElo "1592"]
[BlackElo "1769"]
[PlyCount "94"]
[EventDate "2020.10.26"]
[EventType "swiss"]
[EventRounds "7"]
[EventCountry "GER"]
[SourceTitle "CBM 199 Extra"]
[Source "ChessBase"]
[SourceDate "2021.01.31"]
[SourceVersion "1"]
[SourceVersionDate "2021.01.31"]
[SourceQuality "1"]

1. d4 Nf6 2. Nf3 g6 3. g3 Bg7 4. Bg2 0-0 5. 0-0 d6 6. c4 Nbd7 7. Nc3 c5 8. dxc5 Nxc5 9. Nd4 Qb6 10. Nc2 Bd7 11. e4 Rac8 12. Qe2 Na4 13. Nxa4 Bxa4 14. b3 Bc6 15. Be3 Qc7 16. Bd4 e5 17. Bb2 b5 18. Nb4 bxc4 19. Qxc4 Bxe4 20. Qxc7 Rxc7 21. Rfd1 Bxg2 22. Kxg2 Rb7 23. Nc6 Rd7 24. Ba3 Ne8 25. Rd5 f6 26. Rad1 Rff7 27. Bxd6 Nxd6 28. Rxd6 Rxd6 29. Rxd6 Bf8 30. Rd8 Rc7 31. Nb4 Kf7 32. Nd3 Ba3 33. Rd5 Ke6 34. Ra5 Bd6 35. Ra4 Kd5 36. Nb4+ Bxb4 37. Rxb4 e4 38. Ra4 f5 39. Kf1 Rc1+ 40. Ke2 Rc2+ 41. Ke1 e3 42. fxe3 Rxh2 43. Kf1 a6 44. Rd4+ Ke5 45. Ra4 Rc2 46. Kg1 Re2 47. Kf1 Rc2 1/2-1/2

[Event "GER-ch U12"]
[Site "Willingen"]
[Date "2020.10.28"]
[Round "3"]
[White "Vecera, Fabio"]
[Black "Korek, Jakob Alexander"]
[Result "0-1"]
[WhiteElo "1534"]
[BlackElo "1592"]
[PlyCount "70"]
[EventDate "2020.10.26"]
[EventType "swiss"]
[EventRounds "7"]
[EventCountry "GER"]
[SourceTitle "CBM 199 Extra"]
[Source "ChessBase"]
[SourceDate "2021.01.31"]
[SourceVersion "1"]
[SourceVersionDate "2021.01.31"]
[SourceQuality "1"]

1. e4 e5 2. Nf3 Nc6 3. d4 exd4 4. Bc4 Bc5 5. c3 Nf6 6. 0-0 Nxe4 7. Re1 d5 8. Bb5 0-0 9. Bxc6 bxc6 10. Nxd4 Qf6 11. Be3 Qd6 12. Nd2 Nxd2 13. Qxd2 Bb6 14. Bg5 Be6 15. Re2 c5 16. Nxe6 fxe6 17. Rae1 Rae8 18. Re5 c4 19. R1e2 Rxf2 20. Rxf2 Bxf2+ 21. Qxf2 Qxe5 22. Bf4 Qe4 23. Bxc7 Qb1+ 24. Qf1 Qxb2 25. Be5 Qxa2 26. h3 Rf8 27. Qe1 a5 28. Qh4 Qb1+ 29. Kh2 Qb7 30. Qg4 Qe7 31. Bxg7 Qxg7 32. Qxe6+ Qf7 33. Qg4+ Qg6 34. Qd7 Qf5 35. Qa7 Qe5+ 0-1

[Event "Berlin Lichtenberger op 17th"]
[Site "Berlin"]
[Date "2018.08.20"]
[Round "3"]
[White "Korek, Jakob Alexander"]
[Black "Nguyen, Phuc Nhat"]
[Result "1-0"]
[WhiteElo "1498"]
[BlackElo "1255"]
[PlyCount "67"]
[EventDate "2018.08.18"]
[EventType "swiss"]
[EventRounds "9"]
[EventCountry "GER"]
[SourceTitle "CBM 186 Extra"]
[Source "ChessBase"]
[SourceDate "2018.08.24"]
[SourceVersion "1"]
[SourceVersionDate "2018.08.24"]
[SourceQuality "1"]

1. d4 Nf6 2. c4 c6 3. Nc3 d5 4. cxd5 cxd5 5. Bf4 Nc6 6. e3 Bf5 7. Bd3 Bxd3 8. Qxd3 e6 9. Rc1 Bb4 10. Nge2 0-0 11. 0-0 Rc8 12. a3 Bd6 13. Nb5 Bxf4 14. Nxf4 Qb6 15. Qe2 a6 16. Nc3 Rc7 17. Na4 Qa7 18. Nd3 b6 19. b4 Rfc8 20. f3 Nd7 21. Qb2 f6 22. Nf4 Re8 23. Rf2 Qb7 24. Rfc2 Ndb8 25. b5 axb5 26. Qxb5 e5 27. Nxd5 Rcc8 28. Qxb6 Qd7 29. Qb3 Na5 30. Nxf6+ Kh8 31. Nxd7 Nxb3 32. Rxc8 Rg8 33. Rxg8+ Kxg8 34. Rc8+ 1-0

[Event "GER-ch U10"]
[Site "Willingen"]
[Date "2018.05.20"]
[Round "2"]
[White "Costa, Leonardo"]
[Black "Korek, Jakob Alexander"]
[Result "1-0"]
[WhiteElo "1811"]
[BlackElo "1471"]
[PlyCount "71"]
[EventDate "2018.05.19"]
[EventType "swiss"]
[EventRounds "11"]
[EventCountry "GER"]
[SourceTitle "CBM 184 Extra"]
[Source "ChessBase"]
[SourceDate "2018.06.28"]
[SourceVersion "1"]
[SourceVersionDate "2018.06.28"]
[SourceQuality "1"]

1. e4 c5 2. Nf3 e6 3. d4 cxd4 4. Nxd4 Nf6 5. Bd3 Qb6 6. Nb3 Nc6 7. 0-0 Be7 8. c4 d6 9. Nc3 a6 10. Be3 Qd8 11. f3 0-0 12. Qd2 Qd7 13. Rfd1 h6 14. Bf1 Rd8 15. Bb6 Re8 16. Qf2 Bd8 17. Be3 Bc7 18. Rd2 Rd8 19. Rad1 Qe7 20. Na4 Rb8 21. Nb6 Kh8 22. a4 Nb4 23. a5 e5 24. c5 Be6 25. cxd6 Bxd6 26. Nc5 Bxc5 27. Bxc5 Rxd2 28. Rxd2 Qe8 29. Bxb4 Nd7 30. Nxd7 Bxd7 31. Qc5 Rc8 32. Qe7 Bc6 33. Qxe8+ Rxe8 34. Bc4 f6 35. Kf2 Rc8 36. b3 1-0

[Event "GER-chT U10"]
[Site "Magdeburg"]
[Date "2016.12.29"]
[Round "6.1"]
[White "Costa, Leonardo"]
[Black "Korek, Jakob Alexander"]
[Result "1-0"]
[WhiteElo "1599"]
[BlackElo "1193"]
[PlyCount "67"]
[EventDate "2016.12.27"]
[EventType "team-swiss"]
[EventRounds "7"]
[EventCountry "GER"]
[SourceTitle "EXT 2018"]
[Source "ChessBase"]
[SourceDate "2017.10.13"]
[SourceVersion "1"]
[SourceVersionDate "2017.10.13"]
[SourceQuality "1"]
[WhiteTeam "Muenchen Suedost"]
[BlackTeam "Berlin Schachpinguine"]
[WhiteTeamCountry "GER"]
[BlackTeamCountry "GER"]

1. e4 e5 2. Nf3 Nc6 3. Bc4 Bc5 4. c3 d6 5. d3 Nf6 6. 0-0 h6 7. Nbd2 0-0 8. Bb3 Bd7 9. h3 Ne7 10. Re1 a5 11. a3 a4 12. Ba2 Be6 13. Bb1 Ng6 14. Bc2 b5 15. Nf1 Qd7 16. d4 exd4 17. cxd4 Bb6 18. d5 Bxh3 19. gxh3 Qxh3 20. Be3 Qg4+ 21. Ng3 Bxe3 22. Rxe3 Rfe8 23. Nh2 Qd7 24. Nf5 Ne7 25. Nxe7+ Rxe7 26. Kh1 Rae8 27. Qf3 c6 28. Rg1 Kh8 29. Qg2 Rg8 30. Rg3 Nh5 31. Rh3 cxd5 32. Rxh5 Re6 33. exd5 g6 34. Rxh6+ 1-0